000 00625nam a22001457a 4500
020 _a978-0-7574-9246-4
082 _a823
_bROG/R
100 _aRUBY ROGERS
245 _aSUE LIMB
260 _aLONDON
_bBLOOMSBURY PUBLISHING
_c2008
300 _a106
520 _aThe main character and narrator is Ruby Rogers: a girl of about 10 years of age, so still before the teenage hormonal onslaught and fascination with boys and sex but with already developed acute social consciousness, concerned with the impressions she makes, her friendships and the utterly embarrassing members of her ...
650 _aSHORT STORY
942 _cBK
999 _c6461
_d6461